NLSUI OPAC header image

Communal politics : Facts versus myths (Record no. 20383)

MARC details
000 -LEADER
fixed length control field 01432nam a2200217Ia 4500
003 - CONTROL NUMBER IDENTIFIER
control field OSt
005 - DATE AND TIME OF LATEST TRANSACTION
control field 20211023104344.0
008 - FIXED-LENGTH DATA ELEMENTS--GENERAL INFORMATION
fixed length control field 160316s2003 xxu||||| |||| 00| 0 eng d
020 ## - INTERNATIONAL STANDARD BOOK NUMBER
International Standard Book Number 9788178291314
040 ## - CATALOGING SOURCE
Transcribing agency n
082 ## - DEWEY DECIMAL CLASSIFICATION NUMBER
Classification number 954.210000
Item number PUN
100 ## - MAIN ENTRY--PERSONAL NAME
Personal name Puniuani Ram
245 ## - TITLE STATEMENT
Title Communal politics : Facts versus myths
260 ## - PUBLICATION, DISTRIBUTION, ETC.
Place of publication, distribution, etc. New Delhi
Name of publisher, distributor, etc. Sage Publications
Date of publication, distribution, etc. 2003
300 ## - PHYSICAL DESCRIPTION
Extent 309p
365 ## - TRADE PRICE
Price amount Rs.295
505 ## - FORMATTED CONTENTS NOTE
Formatted contents note Contents: <br/>Ancient India: was it a golden period?<br/>Medieval India: dark era or foundation of syncretism? <br/>Gandhi and Godse: nationalism, Hindutva, and the freedom struggle;<br/>The partition: who was responsible? <br/>Kashmir imbroglio: how green is the valley? <br/>Babri Masjid-Ram Janambhoomi Dispute: abode of Ram or house of Allah? <br/>Minorities in 'secular' India: appeasement or maltreatment? <br/>Crime and (no) punishment: communal violence, inquiry commissions and deliverance of justice;<br/>Spreading the word: conversions and anti-Christian violence;<br/>Ram Rajya: religious nationalism or secular democracy;<br/>Hindutva: fanatical faith or political tool;<br/>Unmaking the state: rewriting the constitution;<br/>God willing: genesis of terrorism, motives of war and Islam;<br/>The Gujarat experiment: programmed for pogrom.
650 ## - SUBJECT ADDED ENTRY--TOPICAL TERM
Topical term or geographic name entry element 1. Communalism - India2. Communalism - Political Aspects - India3. Politics & Government - India4. History - Errors - Inventions
700 ## - ADDED ENTRY--PERSONAL NAME
Personal name
--
942 ## - ADDED ENTRY ELEMENTS (KOHA)
Source of classification or shelving scheme Dewey Decimal Classification
Koha item type BOOKs
Holdings
Withdrawn status Lost status Damaged status Not for loan Home library Current library Shelving location Date acquired Cost, normal purchase price Total Checkouts Full call number Barcode Date last seen Price effective from Koha item type
        NLS NLS Library Compactors 30/05/2017 295.00   954.21 PUN 18496 30/05/2017 30/05/2017 BOOKs